[Event "Biel op-B 56th"]
[Site "Biel"]
[Date "2023.07.19"]
[Round "3"]
[White "Ernst, Heinz"]
[Black "Kuenzli, Simon"]
[Result "0-1"]
[WhiteElo "1699"]
[BlackElo "1930"]
[PlyCount "80"]
[EventDate "2023.07.17"]
[EventType "swiss"]
[EventRounds "9"]
[EventCountry "SUI"]
[SourceTitle "EXT 2024"]
[Source "ChessBase"]
[SourceDate "2023.10.10"]
[SourceVersion "1"]
[SourceVersionDate "2023.10.10"]
[SourceQuality "1"]

1. d4 d5 2. c4 c6 3. Nf3 Nf6 4. Nc3 e6 5. Bg5 dxc4 6. e4 b5 7. e5 h6 8. Bh4 g5 9. Nxg5 hxg5 10. Bxg5 Nbd7 11. g3 Bb7 12. Bg2 Qb6 13. exf6 0-0-0 14. 0-0 c5 15. Bxb7+ Qxb7 16. a4 b4 17. Nb5 a6 18. Qe2 axb5 19. axb5 Nb6 20. dxc5 Bxc5 21. h4 Rd3 22. Be3 Qe4 23. Rfe1 Bxe3 24. fxe3 Rhd8 25. Qh5 R3d5 26. Qe2 Rd2 27. Qf1 Qg4 28. Qf4 Qxf4 29. exf4 R8d3 30. Ra7 Rxg3+ 31. Kh1 Rd7 32. Rxd7 Kxd7 33. Ra1 c3 34. Ra7+ Kd6 35. bxc3 b3 36. Rxf7 b2 37. Kh2 Rg4 38. Rg7 Rxh4+ 39. Kg3 Rh6 40. f7 Rf6 0-1

[Event "Biel op-B 56th"]
[Site "Biel"]
[Date "2023.07.18"]
[Round "2"]
[White "Lavorgna, Filippo"]
[Black "Ernst, Heinz"]
[Result "1/2-1/2"]
[WhiteElo "1867"]
[BlackElo "1699"]
[PlyCount "141"]
[EventDate "2023.07.17"]
[EventType "swiss"]
[EventRounds "9"]
[EventCountry "SUI"]
[SourceTitle "EXT 2024"]
[Source "ChessBase"]
[SourceDate "2023.10.10"]
[SourceVersion "1"]
[SourceVersionDate "2023.10.10"]
[SourceQuality "1"]

1. Nf3 d5 2. b3 Nf6 3. Bb2 c5 4. e3 Nc6 5. Be2 Bg4 6. 0-0 e6 7. d4 cxd4 8. exd4 Bd6 9. Nbd2 0-0 10. c4 Re8 11. Rc1 Rc8 12. Ne5 Bxe2 13. Qxe2 Nd7 14. f4 f6 15. Nd3 Nb4 16. c5 Nxd3 17. Qxd3 Bb8 18. f5 e5 19. dxe5 Nxc5 20. Qb5 a6 21. Qe2 Bxe5 22. Bxe5 Rxe5 23. Qg4 Ne4 24. Nxe4 dxe4 25. Rcd1 Qb6+ 26. Kh1 Qc6 27. h3 b5 28. Rd4 e3 29. Rfd1 e2 30. Re1 Rce8 31. Rd2 Kf8 32. Kh2 Qc7 33. g3 Qe7 34. Qf3 Re4 35. Kg2 Qe5 36. Rd3 b4 37. Rd7 Qb5 38. Rc7 Qb6 39. Rd7 Qb5 40. Rc7 Qb8 41. Rd7 Qb5 42. Rc7 a5 43. Qh5 Qd5 44. Kh2 Kg8 45. Rc2 Qd3 46. Rc7 Qd5 47. Rc2 g6 48. Qf3 gxf5 49. Kg2 Qe5 50. Rd2 Qb5 51. Kf2 Qc5+ 52. Kg2 Re3 53. Rdxe2 Rxe2+ 54. Rxe2 Rxe2+ 55. Qxe2 Qd5+ 56. Kh2 Qe4 57. Qf2 Qe5 58. Qd2 Kg7 59. Qd7+ Kg6 60. Qd2 f4 61. gxf4 Qc3 62. Qd5 Qc2+ 63. Qg2+ Qxg2+ 64. Kxg2 Kf5 65. Kf3 h6 66. Ke3 Ke6 67. Ke4 f5+ 68. Kd4 Kd6 69. h4 h5 70. Kc4 Kc6 71. Kd4 1/2-1/2

[Event "Basel Special op"]
[Site "Basel"]
[Date "2021.07.18"]
[Round "2"]
[White "Schweizer, Simon"]
[Black "Ernst, Heinz"]
[Result "1-0"]
[WhiteElo "2142"]
[BlackElo "1826"]
[PlyCount "57"]
[EventDate "2021.07.17"]
[EventType "swiss"]
[EventRounds "6"]
[EventCountry "SUI"]
[SourceTitle "CBM 203 Extra"]
[Source "ChessBase"]
[SourceDate "2021.09.30"]
[SourceVersion "1"]
[SourceVersionDate "2021.09.30"]
[SourceQuality "1"]

1. e4 c6 2. d4 d5 3. e5 Bf5 4. Nf3 e6 5. Be2 Nd7 6. 0-0 a6 7. Nbd2 c5 8. c4 dxc4 9. Nxc4 Be4 10. Bg5 Qc7 11. Rc1 Bc6 12. dxc5 Bxc5 13. Nd6+ Kf8 14. Rxc5 Nxc5 15. Qd4 Nd7 16. Qb4 Qb6 17. Qf4 f5 18. exf6 Ngxf6 19. Nc4 Qc5 20. Nfe5 Nxe5 21. Nxe5 Qe7 22. h4 a5 23. a3 Rd8 24. h5 Be8 25. h6 Bg6 26. hxg7+ Kxg7 27. Ng4 Rhf8 28. Rc1 Rc8 29. Rxc8 1-0

[Event "Biel HTO 53rd"]
[Site "Biel"]
[Date "2020.07.29"]
[Round "9"]
[White "Jakhari, Ansh"]
[Black "Ernst, Heinz"]
[Result "1/2-1/2"]
[WhiteElo "1908"]
[BlackElo "1830"]
[PlyCount "108"]
[EventDate "2020.07.20"]
[EventType "swiss"]
[EventRounds "9"]
[EventCountry "SUI"]
[SourceTitle "CBM 197"]
[Source "ChessBase"]
[SourceDate "2020.07.27"]
[SourceVersion "1"]
[SourceVersionDate "2020.07.27"]
[SourceQuality "1"]

1. e4 c6 2. Nf3 d5 3. Nc3 Bg4 4. h3 Bh5 5. exd5 cxd5 6. Bb5+ Nc6 7. g4 Bg6 8. Ne5 Rc8 9. h4 h5 10. d4 e6 11. Bg5 Nge7 12. Nxg6 fxg6 13. Qd3 Kf7 14. gxh5 Rxh5 15. 0-0-0 Kg8 16. Qe2 Qd7 17. Bxe7 Qxe7 18. Qg4 Qf7 19. Bd3 Ne7 20. Ne2 Nf5 21. Nf4 Rh6 22. Rde1 Re8 23. Bb5 Re7 24. Nd3 a6 25. Ne5 Qf6 26. Bd3 Rxh4 27. Rxh4 Qxh4 28. Bxf5 Qh6+ 29. f4 gxf5 30. Qf3 g5 31. Rh1 g4 32. Rxh6 gxf3 33. Rh3 f2 34. Rf3 Bg7 35. Rxf2 Bxe5 36. dxe5 Rg7 37. Kd2 Kf7 38. Ke3 Ke7 39. Kd4 Kd7 40. c4 dxc4 41. Kxc4 Rg4 42. Kd4 Rh4 43. Rd2 Ke7 44. Ke3 Rh3+ 45. Ke2 Rh2+ 46. Kd1 Rh1+ 47. Kc2 Rf1 48. Rd4 Rf3 49. Kd2 Rf2+ 50. Kc3 Rf3+ 51. Kc4 Rf2 52. Kc3 Rf3+ 53. Kb4 Rf2 54. Kc3 Rf3+ 1/2-1/2

[Event "Zuerich op-B 41st"]
[Site "Zuerich"]
[Date "2017.12.27"]
[Round "3"]
[White "Balkovec, Joze"]
[Black "Ernst, Heinz"]
[Result "1-0"]
[WhiteElo "1830"]
[BlackElo "1900"]
[PlyCount "77"]
[EventDate "2017.12.26"]
[EventType "swiss"]
[EventRounds "7"]
[EventCountry "SUI"]
[SourceTitle "CBM 182 Extra"]
[Source "ChessBase"]
[SourceDate "2018.02.23"]
[SourceVersion "1"]
[SourceVersionDate "2018.02.23"]
[SourceQuality "1"]

1. e4 c6 2. d4 d5 3. e5 c5 4. c3 cxd4 5. cxd4 Bf5 6. Bd3 Bxd3 7. Qxd3 e6 8. Ne2 Qa5+ 9. Bd2 Bb4 10. Nbc3 a6 11. 0-0 Qd8 12. a3 Be7 13. Rac1 Nc6 14. Qg3 g6 15. b4 h5 16. Na4 Nh6 17. Bxh6 Rxh6 18. Rc2 g5 19. f4 g4 20. f5 Rc8 21. f6 Bf8 22. Nc5 Bxc5 23. Rxc5 Kd7 24. Rfc1 Qg8 25. a4 Rh8 26. Qc3 Qd8 27. Qa3 b6 28. R5c2 Qf8 29. Rb2 a5 30. Qd3 Na7 31. bxa5 Rxc1+ 32. Nxc1 Qc8 33. Rc2 Qb7 34. Qb3 Rb8 35. Nd3 Rc8 36. Nc5+ Rxc5 37. dxc5 Qc7 38. cxb6 Qxe5 39. Qc3 1-0

[Event "Basel op"]
[Site "Basel"]
[Date "2017.01.07"]
[Round "7"]
[White "Brait, Wolfgang"]
[Black "Ernst, Heinz"]
[Result "1-0"]
[WhiteElo "1923"]
[BlackElo "1998"]
[PlyCount "127"]
[EventDate "2017.01.02"]
[EventType "swiss"]
[EventRounds "9"]
[EventCountry "SUI"]
[SourceTitle "CBM 176 Extra"]
[Source "ChessBase"]
[SourceDate "2017.03.02"]
[SourceVersion "1"]
[SourceVersionDate "2017.03.02"]
[SourceQuality "1"]

1. d4 d5 2. c4 e6 3. Nc3 Nf6 4. Bg5 Nbd7 5. cxd5 exd5 6. e3 Be7 7. Bd3 c6 8. Nge2 0-0 9. Qc2 Re8 10. 0-0 Nf8 11. Rfe1 g6 12. f3 Ne6 13. Bh4 Ng7 14. Rad1 Nfh5 15. Bxe7 Qxe7 16. Nf4 Nxf4 17. exf4 Qd8 18. g4 Bd7 19. Qf2 Qf6 20. Re5 Qd6 21. Rde1 f6 22. Rxe8+ Rxe8 23. Rxe8+ Nxe8 24. Qd2 Ng7 25. Ne2 Ne6 26. Kg2 Ng7 27. a3 b6 28. b4 Kf7 29. Qe3 a5 30. bxa5 bxa5 31. Bc2 Ne6 32. f5 gxf5 33. Bxf5 Ng5 34. Bc2 Kg7 35. Ng3 Kf8 36. h4 Ne6 37. Nh5 Ke7 38. Ng7 Kf7 39. Nxe6 Bxe6 40. Bxh7 Kg7 41. Bc2 Bg8 42. f4 Bh7 43. f5 Bg8 44. Qg3 Qe7 45. Kf2 c5 46. Qe3 Qc7 47. Qg3 Qxg3+ 48. Kxg3 c4 49. g5 Bf7 50. Bd1 Be8 51. Kf4 Bb5 52. h5 c3 53. Bc2 Be8 54. h6+ Kh7 55. Kg4 Bb5 56. a4 Be2+ 57. Kf4 Bf1 58. gxf6 Kxh6 59. Ke5 Bg2 60. Ke6 Be4 61. Bb3 c2 62. Bxc2 Bxc2 63. f7 Bxf5+ 64. Ke7 1-0

[Event "Basel op"]
[Site "Basel"]
[Date "2017.01.06"]
[Round "6"]
[White "Ernst, Heinz"]
[Black "Kutschenko, Roland"]
[Result "0-1"]
[WhiteElo "1998"]
[BlackElo "2101"]
[PlyCount "160"]
[EventDate "2017.01.02"]
[EventType "swiss"]
[EventRounds "9"]
[EventCountry "SUI"]
[SourceTitle "CBM 176 Extra"]
[Source "ChessBase"]
[SourceDate "2017.03.02"]
[SourceVersion "1"]
[SourceVersionDate "2017.03.02"]
[SourceQuality "1"]

1. d4 Nf6 2. c4 e6 3. Nc3 Bb4 4. Qc2 b6 5. Bg5 h6 6. Bxf6 Qxf6 7. a3 Bxc3+ 8. Qxc3 Bb7 9. e3 0-0 10. Ne2 d6 11. Nf4 c5 12. Nh5 Qg6 13. Be2 Nd7 14. 0-0-0 Rfd8 15. Nf4 Qf6 16. d5 Qxc3+ 17. bxc3 e5 18. Nh3 e4 19. f4 exf3 20. gxf3 Ba6 21. f4 Re8 22. Kd2 Nf6 23. Nf2 Re7 24. Bd3 Rae8 25. Rhe1 Nh5 26. a4 g6 27. Ra1 f5 28. a5 bxa5 29. Rxa5 Bc8 30. Raa1 Rb7 31. Reb1 Ree7 32. Bc2 Rxb1 33. Bxb1 Rb7 34. Bc2 Kf7 35. Kc1 Ke7 36. Bd1 Nf6 37. Ba4 a6 38. Bc2 Rb6 39. Ra2 Kf7 40. Ra1 Nh5 41. Bd1 Nf6 42. h4 h5 43. Nh3 Ng4 44. Ng5+ Kf6 45. Bxg4 hxg4 46. Kc2 Kg7 47. Rh1 Kh6 48. Ne6 Rb7 49. Kd3 Bxe6 50. dxe6 Kh5 51. Ra1 Re7 52. Rxa6 Rxe6 53. Ke2 Kxh4 54. Kf2 Kh5 55. Ra7 Kh6 56. Rd7 g3+ 57. Kf3 g2 58. Kxg2 Rxe3 59. Rxd6 Rxc3 60. Rc6 Rxc4 61. Kf3 Rc3+ 62. Ke2 Kh5 63. Kd2 Rc4 64. Ke3 g5 65. fxg5 Kxg5 66. Rc8 Re4+ 67. Kf3 c4 68. Rg8+ Kf6 69. Rf8+ Ke5 70. Re8+ Kd4 71. Rd8+ Kc5 72. Rf8 Re5 73. Kf4 Kd4 74. Rd8+ Rd5 75. Rc8 Kd3 76. Rh8 c3 77. Rh3+ Kc2 78. Rh8 Kc1 79. Ke3 c2 80. Rb8 Kd1 0-1

[Event "SUI-ch Seniors"]
[Site "Graechen"]
[Date "2013.??.??"]
[Round "6"]
[White "Ernst, Heinz"]
[Black "Bischoff, Peter"]
[Result "1/2-1/2"]
[WhiteElo "2013"]
[BlackElo "2089"]
[PlyCount "47"]
[EventDate "2013.07.11"]
[EventType "swiss"]
[EventRounds "7"]
[EventCountry "SUI"]
[SourceTitle "CBM 155 Extra"]
[Source "ChessBase"]
[SourceDate "2013.08.26"]
[SourceVersion "1"]
[SourceVersionDate "2013.08.26"]
[SourceQuality "1"]

1. d4 Nf6 2. c4 g6 3. Nc3 Bg7 4. e4 d6 5. Be2 0-0 6. Bg5 Nbd7 7. Qd2 e5 8. d5 a5 9. h4 Nc5 10. f3 h5 11. Nh3 Qd7 12. Nf2 c6 13. Nd3 Nxd3+ 14. Bxd3 Nh7 15. Bh6 Qe7 16. 0-0-0 Rd8 17. Bxg7 Kxg7 18. Kb1 Rb8 19. Rdg1 Nf6 20. Be2 cxd5 21. cxd5 Bd7 22. Nb5 Bxb5 23. Bxb5 Qc7 24. Qe3 1/2-1/2

[Event "Zuerich op-B 36th"]
[Site "Zuerich"]
[Date "2012.12.29"]
[Round "5"]
[White "Ernst, Heinz"]
[Black "Winkler, Daniel"]
[Result "1-0"]
[WhiteElo "1986"]
[BlackElo "1900"]
[PlyCount "71"]
[EventDate "2012.12.26"]
[EventType "swiss"]
[EventRounds "7"]
[EventCountry "SUI"]
[SourceTitle "EXT 2019"]
[Source "ChessBase"]
[SourceDate "2018.10.10"]
[SourceVersion "1"]
[SourceVersionDate "2018.10.10"]
[SourceQuality "1"]

1. d4 d5 2. c4 e6 3. Nc3 c5 4. cxd5 cxd4 5. Qxd4 Nc6 6. Qd1 exd5 7. Qxd5 Bd7 8. Nf3 Nf6 9. Qd1 Bc5 10. e3 Qe7 11. Be2 0-0-0 12. Bd2 g5 13. Rc1 Kb8 14. 0-0 g4 15. Nd4 a6 16. Nxc6+ Bxc6 17. Qc2 Bd6 18. Rfe1 Bc7 19. Rcd1 h5 20. Bc1 Rdg8 21. Bc4 Qe5 22. g3 h4 23. Bxf7 hxg3 24. fxg3 Rf8 25. Bb3 Ne4 26. Rf1 Qxg3+ 27. hxg3 Rh1+ 28. Kxh1 Ng5+ 29. Kg1 Rh8 30. Kf2 Rh2+ 31. Ke1 Bxg3+ 32. Qf2 Bxf2+ 33. Rxf2 g3 34. Rxh2 gxh2 35. Rd8+ Kc7 36. Rh8 1-0

[Event "Winterthur op 9th"]
[Site "Winterthur"]
[Date "2009.10.03"]
[Round "1"]
[White "Ernst, Heinz"]
[Black "Mede, Istvan"]
[Result "1/2-1/2"]
[WhiteElo "2027"]
[BlackElo "2267"]
[PlyCount "77"]
[EventDate "2009.10.03"]
[EventType "swiss"]
[EventRounds "9"]
[EventCountry "SUI"]
[SourceTitle "CBM 132 Extra"]
[Source "ChessBase"]
[SourceDate "2009.11.03"]
[SourceVersion "1"]
[SourceVersionDate "2009.11.03"]
[SourceQuality "1"]

1. d4 Nf6 2. c4 g6 3. Nc3 Bg7 4. e4 d6 5. Be2 0-0 6. Bg5 Qe8 7. h3 e5 8. d5 a5 9. Nf3 Na6 10. 0-0 Nc5 11. Qc2 Bd7 12. Nh2 h5 13. b3 Nh7 14. Be3 b6 15. Rad1 f5 16. f3 f4 17. Bf2 g5 18. Nb1 Qg6 19. Nd2 Nf6 20. Bxc5 bxc5 21. Rb1 Bh6 22. a3 Rf7 23. b4 axb4 24. axb4 cxb4 25. Rxb4 Rg7 26. Rfb1 g4 27. Rb8+ Rxb8 28. Rxb8+ Kh7 29. hxg4 hxg4 30. fxg4 Bxg4 31. Nxg4 Nxg4 32. Bf3 Qh5 33. Qd1 Qh4 34. Bxg4 Rxg4 35. Nf3 Qh5 36. Qf1 Rg7 37. Qf2 Qg6 38. Qe2 Qg4 39. Qf2 1/2-1/2

[Event "Zuerich op-B 31st"]
[Site "Zuerich"]
[Date "2007.??.??"]
[Round "2"]
[White "Saikrishnan, Sai"]
[Black "Ernst, Heinz"]
[Result "0-1"]
[WhiteElo "1702"]
[BlackElo "1955"]
[PlyCount "62"]
[EventDate "2007.12.26"]
[EventType "swiss"]
[EventRounds "7"]
[EventCountry "SUI"]
[SourceTitle "EXT 2019"]
[Source "ChessBase"]
[SourceDate "2018.10.10"]
[SourceVersion "1"]
[SourceVersionDate "2018.10.10"]
[SourceQuality "1"]

1. e4 d5 2. exd5 Nf6 3. Nc3 Nxd5 4. Nxd5 Qxd5 5. Nf3 Bg4 6. Be2 e6 7. 0-0 c5 8. h3 Bh5 9. b3 Be7 10. Bb2 0-0 11. Nh2 Bxe2 12. Qxe2 Nc6 13. Nf3 Rfd8 14. d3 Nd4 15. Nxd4 cxd4 16. Qe4 Rac8 17. Rac1 Rc6 18. Rfe1 Bf6 19. Qxd5 Rxd5 20. f4 h6 21. Re4 a6 22. Kh2 e5 23. g3 Rdc5 24. Re2 exf4 25. gxf4 Kh7 26. Kg3 g5 27. fxg5 Rxg5+ 28. Kf3 Be5 29. Kf2 Rf6+ 30. Ke1 Rg1+ 31. Kd2 Bf4+ 0-1

[Event "Zuerich op-B 28th"]
[Site "Zuerich"]
[Date "2004.12.??"]
[Round "1"]
[White "Ernst, Heinz"]
[Black "Huber, Silvan"]
[Result "1-0"]
[WhiteElo "1993"]
[BlackElo "1720"]
[PlyCount "93"]
[EventDate "2004.12.26"]
[EventType "swiss"]
[EventRounds "7"]
[EventCountry "SUI"]
[SourceTitle "EXT 2006"]
[Source "ChessBase"]
[SourceDate "2005.11.24"]
[SourceVersion "1"]
[SourceVersionDate "2005.11.24"]
[SourceQuality "1"]

1. d4 Nf6 2. c4 g6 3. Nc3 Bg7 4. e4 d6 5. Be2 0-0 6. Bg5 Nbd7 7. Qd2 e5 8. d5 c6 9. h3 cxd5 10. cxd5 a5 11. Nf3 Nc5 12. Qc2 Bd7 13. 0-0 h6 14. Be3 Rc8 15. Bxc5 Rxc5 16. Nd2 Nh7 17. Qb3 Ng5 18. Nf3 Nxf3+ 19. Bxf3 Qc8 20. Be2 f5 21. Bd3 f4 22. f3 Bf6 23. Kf2 Qa8 24. Qb6 Be7 25. Rfc1 Rfc8 26. Kf1 Qb8 27. a4 Qc7 28. Qxc7 R5xc7 29. Ke2 Kf7 30. Kd1 Bh4 31. Bb5 Ke7 32. Bxd7 Kxd7 33. Nb5 Rxc1+ 34. Rxc1 Rxc1+ 35. Kxc1 Bf2 36. Kc2 Bc5 37. Kd3 b6 38. Kc4 Kc8 39. Na7+ Kc7 40. Kb5 Bf2 41. Nc6 Kd7 42. Ka6 h5 43. b3 g5 44. Kb7 Bd4 45. Na7 Bc5 46. Nc8 b5 47. axb5 1-0

[Event "Bern op"]
[Site "Bern"]
[Date "2004.02.12"]
[Round "1"]
[White "Joris, Pierre"]
[Black "Ernst, Heinz"]
[Result "0-1"]
[WhiteElo "1600"]
[BlackElo "2100"]
[PlyCount "78"]
[EventDate "2004.02.??"]
[EventType "swiss"]
[EventRounds "7"]
[EventCountry "SUI"]
[SourceTitle "EXT 2005"]
[Source "ChessBase"]
[SourceDate "2004.11.15"]
[SourceVersion "1"]
[SourceVersionDate "2004.11.15"]
[SourceQuality "1"]

1. d4 d5 2. c4 e6 3. Nc3 Nf6 4. Bg5 Nbd7 5. e3 c6 6. Nf3 Be7 7. Bd3 0-0 8. 0-0 dxc4 9. Bxc4 b5 10. Bd3 a6 11. Qc2 h6 12. Bxf6 gxf6 13. Ne4 Qb6 14. Rac1 Bb7 15. a3 b4 16. Nc5 Nxc5 17. dxc5 Qa5 18. axb4 Qxb4 19. Qc3 a5 20. Nd4 f5 21. Nxf5 exf5 22. Qe5 Rfd8 23. Qxf5 Rxd3 24. Qxd3 Ba6 25. Qd7 Bxf1 26. Rxf1 Qxc5 27. Qg4+ Qg5 28. Qc4 Qd5 29. Qg4+ Kh7 30. Rd1 Rg8 31. Qxg8+ Kxg8 32. Rxd5 cxd5 33. b3 Kf8 34. Kf1 Bf6 35. Ke2 Ke7 36. Kd3 Kd6 37. f3 Kc5 38. e4 Kb4 39. exd5 Kxb3 0-1

[Event "Biel MTO op"]
[Site "Biel"]
[Date "2002.07.22"]
[Round "1"]
[White "Miltner, Arndt"]
[Black "Ernst, Heinz"]
[Result "1-0"]
[WhiteElo "2371"]
[BlackElo "2094"]
[PlyCount "43"]
[EventDate "2002.07.22"]
[EventType "swiss"]
[EventRounds "11"]
[EventCountry "SUI"]
[SourceTitle "EXT 2003"]
[Source "ChessBase"]
[SourceDate "2002.11.25"]
[SourceVersion "1"]
[SourceVersionDate "2002.11.25"]
[SourceQuality "1"]

1. Nf3 d5 2. d3 c5 3. Nbd2 Nc6 4. e4 e6 5. g3 Bd6 6. Bg2 Nge7 7. 0-0 0-0 8. Re1 Qc7 9. b3 d4 10. Nc4 e5 11. Nh4 f6 12. f4 Be6 13. Nxd6 Qxd6 14. f5 Bf7 15. g4 b5 16. g5 Kh8 17. Bf3 Ng8 18. g6 hxg6 19. fxg6 Be8 20. Bg2 Nh6 21. Bxh6 gxh6 22. g7+ 1-0

[Event "Zuerich op-B 26th"]
[Site "Zuerich"]
[Date "2002.??.??"]
[Round "2"]
[White "Ernst, Heinz"]
[Black "Gantner, Matthias"]
[Result "1-0"]
[WhiteElo "2026"]
[BlackElo "1844"]
[PlyCount "59"]
[EventDate "2002.12.26"]
[EventType "swiss"]
[EventRounds "7"]
[EventCountry "SUI"]
[SourceTitle "EXT 2019"]
[Source "ChessBase"]
[SourceDate "2018.10.10"]
[SourceVersion "1"]
[SourceVersionDate "2018.10.10"]
[SourceQuality "1"]

1. d4 Nf6 2. c4 e6 3. Nc3 Bb4 4. a3 Bxc3+ 5. bxc3 c5 6. f3 cxd4 7. cxd4 d5 8. cxd5 exd5 9. e3 0-0 10. Bd3 Nc6 11. Ne2 Re8 12. 0-0 b6 13. Bd2 Bb7 14. Qb3 Rc8 15. Ng3 Rc7 16. Rfc1 Qd6 17. Qa4 Rcc8 18. Rc3 g6 19. Rac1 Nd7 20. Ne2 f5 21. R3c2 Ndb8 22. Nc3 Na5 23. Nb5 Qd7 24. Rxc8 Bxc8 25. Rc7 Qd8 26. Rxc8 Qxc8 27. Nd6 Qc6 28. Qxc6 Naxc6 29. Nxe8 Kf7 30. Nc7 1-0

[Event "Zuerich op-B 25th"]
[Site "Zuerich"]
[Date "2001.??.??"]
[Round "2"]
[White "Ernst, Heinz"]
[Black "Radosavljevic, Zivotije"]
[Result "1-0"]
[WhiteElo "2014"]
[BlackElo "1827"]
[PlyCount "95"]
[EventDate "2001.12.26"]
[EventType "swiss"]
[EventRounds "7"]
[EventCountry "SUI"]
[SourceTitle "EXT 2019"]
[Source "ChessBase"]
[SourceDate "2018.10.10"]
[SourceVersion "1"]
[SourceVersionDate "2018.10.10"]
[SourceQuality "1"]

1. d4 e6 2. c4 c5 3. d5 e5 4. e4 d6 5. Bd3 Nf6 6. Nc3 Be7 7. h3 Qb6 8. Nf3 0-0 9. g4 Ne8 10. Qc2 Qd8 11. Be3 Na6 12. a3 Nac7 13. 0-0-0 Rb8 14. Rdg1 a6 15. a4 Bd7 16. Qe2 Kh8 17. g5 Na8 18. h4 Qa5 19. Qc2 Qd8 20. h5 Nac7 21. Qe2 Qc8 22. Nh4 b5 23. axb5 axb5 24. cxb5 c4 25. Bxc4 Nxb5 26. Nxb5 Bxb5 27. b3 Qa6 28. Bxb5 Rxb5 29. Qc4 Bd8 30. Kd1 Qa1+ 31. Ke2 Qa2+ 32. Kf3 Qxb3 33. Qxb3 Rxb3 34. Rb1 Rxb1 35. Rxb1 h6 36. Kg4 Bxg5 37. Bxg5 hxg5 38. Kxg5 Nf6 39. f3 Nh7+ 40. Kf5 Kg8 41. Rb6 Rd8 42. Ng2 Kf8 43. Ne3 Ke7 44. Rb7+ Rd7 45. Rxd7+ Kxd7 46. Kg4 Nf6+ 47. Kg5 Ne8 48. Nf5 1-0

[Event "Biel MTO op"]
[Site "Biel"]
[Date "2000.08.03"]
[Round "10"]
[White "Hanewinkel, Winfried"]
[Black "Ernst, Heinz"]
[Result "0-1"]
[WhiteElo "2022"]
[BlackElo "2146"]
[PlyCount "58"]
[EventDate "2000.07.24"]
[EventType "swiss"]
[EventRounds "11"]
[EventCountry "SUI"]
[SourceTitle "CBM 077 Extra"]
[Source "ChessBase"]
[SourceDate "2000.09.14"]
[SourceVersion "1"]
[SourceVersionDate "2000.09.14"]
[SourceQuality "1"]

1. d4 d5 2. c4 e6 3. Nc3 Nf6 4. cxd5 exd5 5. Bg5 Nbd7 6. e3 c6 7. Qc2 Be7 8. Bd3 0-0 9. Nf3 Re8 10. 0-0 Nf8 11. Rab1 Ng6 12. Bxf6 Bxf6 13. b4 Be7 14. b5 Bd6 15. bxc6 bxc6 16. Rfc1 Nh4 17. Nxh4 Qxh4 18. g3 Qh5 19. Ne2 Bh3 20. Nf4 Bxf4 21. exf4 Re6 22. Re1 Qf3 23. Bf1 Bxf1 24. Rxf1 Rae8 25. Qc5 h5 26. h4 Rg6 27. Qc2 Re4 28. Qd1 Qxf4 29. Kh2 Qxh4+ 0-1

[Event "Biel MTO op"]
[Site "Biel"]
[Date "2000.07.31"]
[Round "7"]
[White "Ernst, Heinz"]
[Black "Gross, Heinrich2222"]
[Result "1/2-1/2"]
[WhiteElo "2146"]
[BlackElo "2090"]
[PlyCount "40"]
[EventDate "2000.07.24"]
[EventType "swiss"]
[EventRounds "11"]
[EventCountry "SUI"]
[SourceTitle "CBM 077 Extra"]
[Source "ChessBase"]
[SourceDate "2000.09.14"]
[SourceVersion "1"]
[SourceVersionDate "2000.09.14"]
[SourceQuality "1"]

1. d4 d5 2. c4 e6 3. Nc3 Be7 4. Nf3 Nf6 5. Bg5 0-0 6. e3 h6 7. Bh4 Ne4 8. Bxe7 Qxe7 9. cxd5 Nxc3 10. bxc3 exd5 11. Bd3 b6 12. Ne5 Bb7 13. 0-0 Nd7 14. Nxd7 Qxd7 15. Qf3 c5 16. Rac1 Rad8 17. Rfe1 Rfe8 18. Bf5 Qa4 19. Bb1 Qd7 20. Bf5 Qa4 1/2-1/2

[Event "Biel MTO op"]
[Site "Biel"]
[Date "2000.07.27"]
[Round "4"]
[White "Porubszki, Georg"]
[Black "Ernst, Heinz"]
[Result "0-1"]
[WhiteElo "2002"]
[BlackElo "2146"]
[PlyCount "122"]
[EventDate "2000.07.24"]
[EventType "swiss"]
[EventRounds "11"]
[EventCountry "SUI"]
[SourceTitle "CBM 077 Extra"]
[Source "ChessBase"]
[SourceDate "2000.09.14"]
[SourceVersion "1"]
[SourceVersionDate "2000.09.14"]
[SourceQuality "1"]

1. Nf3 d5 2. b3 c5 3. e3 Nc6 4. Bb2 Nf6 5. Bb5 e6 6. 0-0 Bd6 7. d4 0-0 8. Nbd2 a6 9. Bd3 cxd4 10. exd4 b5 11. Ne5 Qb6 12. Nxc6 Qxc6 13. Nf3 b4 14. Ne5 Qb7 15. Re1 a5 16. a4 Qb6 17. Rc1 Ba6 18. Qf3 Rac8 19. Qh3 Bxd3 20. Qxd3 Rc7 21. Re3 Rfc8 22. Rh3 Be7 23. Ng4 g6 24. Nxf6+ Bxf6 25. Qd2 Bg7 26. Rd3 Bf8 27. g4 Rc6 28. h4 Qb8 29. g5 Bd6 30. Rf3 R8c7 31. c4 bxc3 32. Bxc3 Qxb3 33. Kg2 Bb4 34. Bxb4 Qxb4 35. Rxc6 Rxc6 36. Qf4 Qb7 37. Qf6 Qc7 38. h5 gxh5 39. Rh3 e5 40. Qf3 Rg6 41. Rxh5 exd4 42. Qxd5 Qc6 43. Qf3 d3 44. Qxc6 Rxc6 45. Kf3 Rd6 46. Rh6 Rd4 47. Rh1 Rxa4 48. Ke3 Ra2 49. Rd1 d2 50. f4 Kg7 51. f5 a4 52. Kd3 f6 53. gxf6+ Kxf6 54. Ke4 h5 55. Rh1 h4 56. Rd1 h3 57. Kf3 Kxf5 58. Kg3 Ke4 59. Kf2 Kd3 60. Rh1 Kc2 61. Ke2 Ra3 0-1

[Event "Biel MTO op"]
[Site "Biel"]
[Date "2000.07.26"]
[Round "3"]
[White "Ernst, Heinz"]
[Black "Nemet, Ivan"]
[Result "0-1"]
[WhiteElo "2146"]
[BlackElo "2412"]
[PlyCount "66"]
[EventDate "2000.07.24"]
[EventType "swiss"]
[EventRounds "11"]
[EventCountry "SUI"]
[SourceTitle "CBM 077 Extra"]
[Source "ChessBase"]
[SourceDate "2000.09.14"]
[SourceVersion "1"]
[SourceVersionDate "2000.09.14"]
[SourceQuality "1"]

1. d4 Nf6 2. c4 c5 3. d5 b5 4. cxb5 a6 5. bxa6 g6 6. Nc3 Bg7 7. e4 0-0 8. Nf3 d6 9. h3 e6 10. Be2 exd5 11. exd5 Bxa6 12. 0-0 Qb6 13. Re1 Re8 14. a4 c4 15. Rb1 Nbd7 16. b4 cxb3 17. Rxb3 Qa5 18. Bb5 Rxe1+ 19. Qxe1 Nc5 20. Ra3 Bb7 21. Qd1 Rc8 22. Ne1 Nxd5 23. Nxd5 Bxd5 24. Bd2 Qa8 25. Bc3 Bxc3 26. Rxc3 Rd8 27. Ra3 Bb7 28. Be2 Qa5 29. Bf3 d5 30. Nd3 Ne4 31. Qe1 Nd2 32. Be2 d4 33. Ra2 Qd5 0-1

[Event "Biel MTO op"]
[Site "Biel"]
[Date "2000.07.25"]
[Round "2"]
[White "Ramesh, Ramachandran B"]
[Black "Ernst, Heinz"]
[Result "1-0"]
[WhiteElo "2450"]
[BlackElo "2146"]
[PlyCount "47"]
[EventDate "2000.07.24"]
[EventType "swiss"]
[EventRounds "11"]
[EventCountry "SUI"]
[SourceTitle "CBM 077 Extra"]
[Source "ChessBase"]
[SourceDate "2000.09.14"]
[SourceVersion "1"]
[SourceVersionDate "2000.09.14"]
[SourceQuality "1"]

1. e4 d5 2. exd5 Nf6 3. d4 Nxd5 4. Nf3 Bg4 5. h3 Bh5 6. c4 Nb6 7. Nc3 e6 8. g4 Bg6 9. Ne5 Nc6 10. Nxc6 bxc6 11. Bg2 Qd7 12. Qf3 0-0-0 13. c5 Nd5 14. 0-0 Be7 15. Nxd5 cxd5 16. Bf4 c6 17. Rfc1 Kb7 18. b4 a6 19. a4 Ra8 20. b5 axb5 21. axb5 Rxa1 22. Rxa1 cxb5 23. Qa3 Ra8 24. Qxa8# 1-0